| 000 | 00727nam a22002057a 4500 | ||
|---|---|---|---|
| 005 | 20100811115540.0 | ||
| 010 | _aENG-99635 | ||
| 020 |
_a9788190946841 _c75.00 |
||
| 035 | _aEN-83167 | ||
| 037 | _bDBAD/PUB | ||
| 082 | _a954.0841 | ||
| 100 |
_aSantha, K. _910701 |
||
| 245 |
_aIndia's prominant freedom fighters / _cby K. Santha |
||
| 260 |
_aAmmur, Walajapet (TK) _bWisdom Publications, _c2010 |
||
| 270 |
_a40, Bazzar Street, _bAmmur, Walajapet (TK) _e632501 |
||
| 300 |
_a70p. _c21cm (pbk) |
||
| 650 |
_aNationlists _910702 |
||
| 942 |
_2ddc _cEN _h954.0841 _mSAN |
||
| 999 |
_c40905 _d40905 |
||